=LDR 00000nam 2200000 4500 =001 NUTBA000000000001070 =005 20200430083321 =035 ##$$a 0010-041400000000340 =008 200430################g##########0#ind## =020 ##$$a 979-3620-22-6 =082 ##$$a 2x3 =100 1#$$a Abdullah, Udik =245 1#$$a Meledakkan IESQ dengan langkah takwa & tawakal /$c Mas Udik Abdullah =250 ##$$a cet.1 =260 ##$$a Jakarta :$b Zikrul Hakim,$c 2005 =300 ##$$a xi, 244 hlm., ; $c 13 x 23 cm =850 ##$$a NBPNMAT =084 ##$$a 2x3 ABD m =650 #4$$a Tauhid =990 ##$$a 93389/BPAP-NTB/2014